<?xml version="1.0" encoding="UTF-8"?>
<record
    xmlns:xsi="http://www.w3.org/2001/XMLSchema-instance"
    xsi:schemaLocation="http://www.loc.gov/MARC21/slim http://www.loc.gov/standards/marcxml/schema/MARC21slim.xsd"
    xmlns="http://www.loc.gov/MARC21/slim">

  <leader>01321cam a2200301 a 4500</leader>
  <controlfield tag="001">17179355</controlfield>
  <controlfield tag="003">OSt</controlfield>
  <controlfield tag="005">20230601150737.0</controlfield>
  <controlfield tag="008">120224m20119999gh            000 0 eng  </controlfield>
  <datafield tag="010" ind1=" " ind2=" ">
    <subfield code="a">  2012311146</subfield>
  </datafield>
  <datafield tag="020" ind1=" " ind2=" ">
    <subfield code="a">9789988331513</subfield>
  </datafield>
  <datafield tag="040" ind1=" " ind2=" ">
    <subfield code="a">DLC</subfield>
    <subfield code="c">DLC</subfield>
  </datafield>
  <datafield tag="042" ind1=" " ind2=" ">
    <subfield code="a">pcc</subfield>
  </datafield>
  <datafield tag="043" ind1=" " ind2=" ">
    <subfield code="a">f-gh---</subfield>
  </datafield>
  <datafield tag="050" ind1="0" ind2="0">
    <subfield code="a">KRX2390.B76 </subfield>
  </datafield>
  <datafield tag="100" ind1="1" ind2=" ">
    <subfield code="a">Brobbey, S. A.</subfield>
    <subfield code="9">1529</subfield>
  </datafield>
  <datafield tag="245" ind1="1" ind2="0">
    <subfield code="a">The law and practice of alternative dispute resolution in Ghana. /</subfield>
    <subfield code="c">S.A. Brobbey and Victor Brobbey</subfield>
  </datafield>
  <datafield tag="246" ind1="1" ind2="4">
    <subfield code="a">Alernative dispute resolution in Ghana</subfield>
  </datafield>
  <datafield tag="260" ind1=" " ind2=" ">
    <subfield code="a">Accra, Ghana :</subfield>
    <subfield code="b">DATRO Publications,</subfield>
    <subfield code="c">2022.</subfield>
  </datafield>
  <datafield tag="300" ind1=" " ind2=" ">
    <subfield code="a">xlvii, 671 p.;</subfield>
    <subfield code="c">23 cm.</subfield>
  </datafield>
  <datafield tag="505" ind1="1" ind2=" ">
    <subfield code="a">Contents: Conceptual and evolutionary bases of dispute resolution in Ghana -- Factual bases of ADR -- ADR processes in Ghana -- Subject matter jurisdiction of ADR -- Merits and demerits of litigation and ADR -- Underlying legal mandates in ADR -- ADR &amp; the legal regimes of governmental institutions -- Practicing ADR in Ghana -- Ending ADR processes -- Frequently asked questions on ADR</subfield>
  </datafield>
  <datafield tag="650" ind1=" " ind2="0">
    <subfield code="a">Arbitration -- Ghana 	</subfield>
    <subfield code="9">1530</subfield>
  </datafield>
  <datafield tag="650" ind1=" " ind2="0">
    <subfield code="a">Dispute resolution (Law) -- Ghana</subfield>
    <subfield code="9">1531</subfield>
  </datafield>
  <datafield tag="700" ind1=" " ind2=" ">
    <subfield code="a">Brobbey, Victor</subfield>
    <subfield code="9">1532</subfield>
  </datafield>
  <datafield tag="906" ind1=" " ind2=" ">
    <subfield code="a">7</subfield>
    <subfield code="b">cbc</subfield>
    <subfield code="c">origcop</subfield>
    <subfield code="d">2</subfield>
    <subfield code="e">ncip</subfield>
    <subfield code="f">20</subfield>
    <subfield code="g">y-gencatlg</subfield>
  </datafield>
  <datafield tag="942" ind1=" " ind2=" ">
    <subfield code="2">lcc</subfield>
    <subfield code="c">BK</subfield>
  </datafield>
  <datafield tag="999" ind1=" " ind2=" ">
    <subfield code="c">9635</subfield>
    <subfield code="d">17135</subfield>
  </datafield>
  <datafield tag="952" ind1=" " ind2=" ">
    <subfield code="0">0</subfield>
    <subfield code="1">0</subfield>
    <subfield code="2">lcc</subfield>
    <subfield code="4">0</subfield>
    <subfield code="7">0</subfield>
    <subfield code="a">WIUC-KL</subfield>
    <subfield code="b">WIUC-KL</subfield>
    <subfield code="c">LL</subfield>
    <subfield code="d">2023-05-30</subfield>
    <subfield code="o">KRX3520.B76 </subfield>
    <subfield code="p">KSL/1941/204/23</subfield>
    <subfield code="r">2023-05-31 00:00:00</subfield>
    <subfield code="t">1</subfield>
    <subfield code="w">2023-05-31</subfield>
    <subfield code="y">BK</subfield>
  </datafield>
  <datafield tag="952" ind1=" " ind2=" ">
    <subfield code="0">0</subfield>
    <subfield code="1">0</subfield>
    <subfield code="2">lcc</subfield>
    <subfield code="4">0</subfield>
    <subfield code="7">0</subfield>
    <subfield code="a">WIUC-KL</subfield>
    <subfield code="b">WIUC-KL</subfield>
    <subfield code="c">LL</subfield>
    <subfield code="d">2023-05-30</subfield>
    <subfield code="o">KRX3520.B761</subfield>
    <subfield code="p">KSL/1942/205/23</subfield>
    <subfield code="r">2023-05-31 00:00:00</subfield>
    <subfield code="t">2</subfield>
    <subfield code="w">2023-05-31</subfield>
    <subfield code="y">BK</subfield>
  </datafield>
  <datafield tag="952" ind1=" " ind2=" ">
    <subfield code="0">0</subfield>
    <subfield code="1">0</subfield>
    <subfield code="2">lcc</subfield>
    <subfield code="4">0</subfield>
    <subfield code="7">0</subfield>
    <subfield code="a">WIUC-KL</subfield>
    <subfield code="b">WIUC-KL</subfield>
    <subfield code="c">LL</subfield>
    <subfield code="d">2023-05-30</subfield>
    <subfield code="l">0</subfield>
    <subfield code="o">KRX3520.B762</subfield>
    <subfield code="p">KSL/1943/206/23</subfield>
    <subfield code="r">2023-05-31 00:00:00</subfield>
    <subfield code="t">3</subfield>
    <subfield code="w">2023-05-31</subfield>
    <subfield code="y">BK</subfield>
  </datafield>
</record>
